Statistics for 15 x 15 Multiplication Table in 4 Minutes

Click here to take the quiz!

General Stats

  • This quiz has been taken 1,407 times
  • The average score is 163 of 225

Answer Stats

Answer% Correct
1
100%
10
99%
11
99%
2
99%
3
99%
4
99%
5
99%
6
99%
7
99%
8
99%
9
99%
12
98%
13
98%
14
98%
15
98%
10
97%
2
97%
4
97%
6
97%
8
97%
12
96%
14
96%
16
96%
18
96%
20
96%
22
96%
24
96%
26
96%
28
96%
30
96%
12
95%
15
95%
18
95%
21
95%
24
95%
27
95%
3
95%
6
95%
9
95%
30
94%
33
94%
36
94%
12
93%
39
93%
4
93%
42
93%
45
93%
8
93%
16
92%
20
92%
24
91%
28
91%
32
91%
40
91%
10
90%
15
90%
20
90%
25
90%
30
90%
36
90%
44
90%
48
90%
5
90%
50
90%
35
89%
40
89%
45
89%
52
89%
55
89%
56
89%
6
89%
60
89%
60
89%
65
89%
70
89%
75
89%
12
88%
18
88%
24
87%
30
87%
36
87%
42
86%
60
86%
7
86%
14
85%
48
85%
54
85%
66
85%
21
84%
72
84%
78
84%
90
84%
28
83%
35
83%
84
83%
42
82%
49
82%
56
81%
63
80%
70
80%
77
80%
8
80%
16
79%
84
79%
24
78%
91
78%
98
78%
105
77%
32
77%
40
77%
9
77%
18
76%
48
76%
10
75%
27
75%
56
75%
64
75%
20
74%
30
74%
36
74%
40
74%
45
74%
50
74%
72
74%
80
74%
88
74%
100
73%
120
73%
54
73%
60
73%
63
73%
70
73%
80
73%
81
73%
90
73%
90
73%
96
73%
104
72%
112
72%
72
72%
99
72%
11
71%
110
71%
120
71%
130
71%
108
70%
140
70%
150
70%
22
70%
33
70%
117
69%
44
69%
55
69%
66
69%
77
69%
88
69%
99
69%
126
68%
135
68%
110
67%
121
67%
12
65%
132
65%
143
64%
154
64%
165
64%
24
64%
36
63%
48
62%
60
62%
72
62%
84
61%
96
59%
108
58%
120
58%
132
57%
144
56%
13
54%
156
54%
168
52%
180
52%
26
52%
39
50%
52
47%
65
46%
78
45%
91
43%
104
42%
130
42%
117
41%
143
41%
14
40%
156
39%
169
38%
28
38%
182
37%
195
37%
42
36%
15
35%
30
34%
56
34%
70
34%
45
33%
84
33%
140
32%
60
32%
75
32%
98
32%
105
31%
112
31%
126
31%
90
31%
120
30%
154
30%
135
29%
150
29%
165
28%
168
28%
180
27%
182
27%
195
26%
196
26%
210
26%
210
25%
225
25%

Score Distribution

Percentile by Number Answered

Percent of People with Each Score

Your Score History

You have not taken this quiz